Contextualizing dalit consciouness in Indian English literature/ (Record no. 71857)

000 -LEADER
fixed length control field 00477nam a22001697a 4500
020 ## - INTERNATIONAL STANDARD BOOK NUMBER
International Standard Book Number 9789385528439
082 ## - DEWEY DECIMAL CLASSIFICATION NUMBER
Classification number 809.892 0694
Item number BEE/C
100 ## - MAIN ENTRY--PERSONAL NAME
Personal name Beena Agarwal
9 (RLIN) 47696
100 ## - MAIN ENTRY--PERSONAL NAME
Personal name Neeta
9 (RLIN) 47697
245 ## - TITLE STATEMENT
Title Contextualizing dalit consciouness in Indian English literature/
Statement of responsibility, etc. by Beena Agarwal and Neeta
250 ## - EDITION STATEMENT
Edition statement 2nd.
260 ## - PUBLICATION, DISTRIBUTION, ETC.
Place of publication, distribution, etc. Jaipur:
Name of publisher, distributor, etc. Yking Books,
Date of publication, distribution, etc. 2016.
300 ## - PHYSICAL DESCRIPTION
Extent 240p.
650 ## - SUBJECT ADDED ENTRY--TOPICAL TERM
Topical term or geographic name entry element Dalit Literature
9 (RLIN) 47698
650 ## - SUBJECT ADDED ENTRY--TOPICAL TERM
Topical term or geographic name entry element Literature
9 (RLIN) 47699
942 ## - ADDED ENTRY ELEMENTS (KOHA)
Koha item type Book
Holdings
Withdrawn status Lost status Damaged status Not for loan Permanent Location Current Location Shelving location Date acquired Cost, normal purchase price Total Checkouts Full call number Barcode Date last seen Date last checked out Price effective from Koha item type
        Sree Sankaracharya University of Sanskrit Sree Sankaracharya University of Sanskrit Stacks 01.06.2018 1150.00 3 809.892 0694 BEE/C 089890 27.10.2022 14.10.2022 01.06.2018 Book